| 000 | 00636nam a2200181 a 4500 | ||
|---|---|---|---|
| 005 | 20210223122025.0 | ||
| 008 | 991125s1977 ru 000 0 spa u | ||
| 035 | _aUPN01000028085 | ||
| 049 | _aCG | ||
| 050 | 4 |
_aDK37 _bH578 |
|
| 245 | 0 | 0 |
_aHistoria de la URSS / _ctr. del ruso por L. Vladov. |
| 260 |
_aMoscú : _bProgreso, _c1977. |
||
| 300 |
_a3 v. : _bfotos |
||
| 505 | 8 |
_aContenido: _gv.1. _tDesde la antigüedad hasta la gran revolución socialista de Octubre -- _gv.2. -- _gv.3. _tDesde la gran guerra patria hasta nuestros días |
|
| 500 | _aLa biblioteca tiene los v.1 y 3 | ||
| 651 | 4 |
_aRUSIA - _xHISTORIA _922982 |
|
| 905 | _aLibro | ||
| 999 |
_c28085 _d28085 |
||